Triple J Hottest 100, Songs of 1998 - Statistics

General Stats
  • This quiz has been taken 56 times
  • The average score is 29 of 100
Answer Stats
# Country of Origin Song Artist % Correct
1 USA Pretty Fly (For a White Guy) The Offspring
88%
62 USA Gone Away The Offspring
88%
52 USA The Grouch Green Day
81%
84 USA Good Riddance (Time of Your Life) Green Day
81%
11 Ireland The Sweetest Thing U2
73%
4 USA Celebrity Skin Hole
65%
49 USA Malibu Hole
65%
74 USA My Hero Foo Fighters
58%
98 USA Baker Street Foo Fighters
58%
55 UK No Surprises Radiohead
56%
57 USA I Think I'm Paranoid Garbage
50%
87 USA Push It Garbage
50%
89 USA Special Garbage
50%
23 UK Teardrop Massive Attack
50%
67 USA The Unforgiven II Metallica
50%
77 USA Fuel Metallica
50%
63 UK The Rockafeller Skank Fatboy Slim
46%
45 USA Ava Adore The Smashing Pumpkins
46%
94 USA Perfect The Smashing Pumpkins
46%
5 USA Got the Life Korn
44%
47 USA Do the Evolution Pearl Jam
44%
51 USA Given to Fly Pearl Jam
44%
88 USA Wishlist Pearl Jam
44%
34 Canada One Week Barenaked Ladies
42%
44 USA The Dope Show Marilyn Manson
42%
25 USA Intergalactic Beastie Boys
40%
38 USA The Impression That I Get The Mighty Mighty Bosstones
40%
35 USA Flagpole Sitta Harvey Danger
38%
12 USA Brick Ben Folds Five
35%
40 USA Song for the Dumped Ben Folds Five
35%
41 UK Pure Morning Placebo
35%
75 USA Dragula Rob Zombie
35%
53 USA Father of Mine Everclear
33%
21 USA Sex and Candy Marcy Playground
33%
76 USA Saint Joe on the School Bus Marcy Playground
33%
2 Australia Cigarettes Will Kill You Ben Lee
31%
14 USA Josie Blink-182
31%
70 UK If You Tolerate This Your Children Will Be Next Manic Street Preachers
31%
8 Australia The Day You Come Powderfinger
31%
46 Australia Don't Wanna Be Left Out Powderfinger
31%
6 Australia ! (The Song Formerly Known As) Regurgitator
31%
26 Australia Polyester Girl Regurgitator
31%
27 Australia I Like Your Old Remix Better Than Your New Remix Regurgitator
31%
32 Australia Black Bugs Regurgitator
31%
7 Australia Harpoon Jebediah
27%
42 Australia Teflon Jebediah
27%
91 Australia Benedict Jebediah
27%
3 Australia Girls Like That (Don't Go For Guys Like Us) Custard
25%
24 Australia Music Is Crap Custard
25%
78 USA Shimmer Fuel
25%
18 Australia Just Ace Grinspoon
25%
22 Australia Black Friday Grinspoon
25%
79 Australia Don't Go Away Grinspoon
25%
58 Australia I Don't Like It Pauline Pantsdown
25%
68 USA Every Day Should Be a Holiday The Dandy Warhols
25%
10 Australia Save the Day The Living End
25%
15 Australia Second Solution The Living End
25%
17 Australia Tainted Love The Living End
25%
96 Australia Redneck Wonderland Midnight Oil
23%
93 Australia Untitled Silverchair
23%
36 Australia Whatareya? TISM
23%
54 Australia Mum Changed the Locks Frenzal Rhomb
21%
72 Australia Mr. Charisma Frenzal Rhomb
21%
37 Australia Buy Now Pay Later (Charlie No. 2) The Whitlams
21%
43 Australia Melbourne The Whitlams
21%
56 Australia Charlie No. 3 The Whitlams
21%
30 USA Never There Cake
19%
29 USA Everybody Here Wants You Jeff Buckley
19%
66 USA No Shelter Rage Against the Machine
19%
9 Australia Heavy Heart You Am I
19%
65 Australia Rumble You Am I
19%
39 USA Somebody Kill Me Adam Sandler
17%
48 UK Road Rage Catatonia
17%
50 USA It's Like That Run–D.M.C. vs. Jason Nevins
17%
13 USA Doctor Worm They Might Be Giants
17%
73 France Music Sounds Better with You Stardust
15%
83 Australia Now and Then The Superjesus
15%
99 Australia Saturation The Superjesus
15%
95 USA Tropicalia Beck
13%
20 USA Simultaneous Chef
13%
90 USA No Substitute Chef
13%
33 Australia Sweater Eskimo Joe
13%
59 UK History Repeating Propellerheads and Shirley Bassey
13%
85 Australia Harpoon Something for Kate
13%
61 Australia Cry The Mavis's
13%
81 Canada Drinking in L.A. Bran Van 3000
10%
64 Australia Come On Spring Antenna
8%
60 USA Untouchable Face Ani DiFranco
6%
82 UK El President Drugstore
6%
97 Australia Black Umbrella Even
6%
28 Australia Don't You Know Who I Am? Happyland
6%
71 Australia Hello Happyland
6%
100 Australia Sich Offnen Not from There
6%
31 Australia Throw Your Arms Around Me Paul McDermott
6%
69 Australia Cinnamon Lip Pollyanna
6%
16 Australia Addicted to Bass Josh Abrahams and Amiel Daemion
4%
19 USA Bubblegoose Wyclef Jean
4%
86 USA Mama's Trippin' Ben Harper
2%
80 UK Bad Old Man Babybird
0%
92 UK The Ballad of Tom Jones Space with Cerys Matthews
0%
No matching quizzes found
Score Distribution
Percent of People with Each Score
Percentile by Number Answered
Your Score History
You have not taken this quiz